Statistics for The First Amendment

Click here to take the quiz!

General Stats

  • This quiz has been taken 68 times
  • The average score is 4 of 5

Answer Stats

Answer% Correct
Speech
98%
Press
93%
Religion
93%
Assembly
80%
Petition
73%

Score Distribution

Percentile by Number Answered

Percent of People with Each Score

Your Score History

You have not taken this quiz